| 000 | 01170nam a2200265Ia 4500 | ||
|---|---|---|---|
| 999 |
_c50297 _d50297 |
||
| 001 | 17237 | ||
| 003 | GE_BSU | ||
| 005 | 20200204143757.0 | ||
| 008 | 181216s2013ru xx |||||||||||||| ||rus|| | ||
| 020 | _a9785238023588 | ||
| 040 | _cGE_BSU | ||
| 080 | _a657.3(075.8) Т-88 | ||
| 100 |
_aТурманидзе, Теймураз. _96776 |
||
| 245 |
_aФинансовый анализ : _bУчеб.пособ. для студ.вузов,обучающихся по экономическим специальностям / _cТеймураз Турманидзе ; Гл. ред . Н.Д. Эриашвили ; ред . Т. М. Дубович . |
||
| 250 | _a2-е изд,перераб,и доп | ||
| 264 |
_aМосква : _bЮнити, _c2013. |
||
| 300 |
_a287 стр .: _c22 см. |
||
| 505 | _aбиблиог,стр 278-287 | ||
| 653 | _aФинансовый анализ | ||
| 653 | _aბუღალტერია | ||
| 653 | _aეკონომიკა | ||
| 700 |
_aЭриашвили, Н. Д . _eმთავარი რედაქტორი _96777 |
||
| 700 |
_aДубович, Т. М. _eრედაქტორი _96775 |
||
| 942 |
_cBK _2udc |
||